Technique of growing african marigold in the pot at crop staytion of royal university of agriculture, បច្ចេកទេសដាំដុះផ្កាស្បៃរឿងក្នុងផើង នៅស្ថានីយ៍ពិសោធន៍ដំណាំ នៃសាកលវិទ្យាល័យភូមិន្ទកសិកម្ម (Record no. 2881)

000 -LEADER
fixed length control field 00726nam a22001577a 4500
003 - CONTROL NUMBER IDENTIFIER
control field OSt
005 - DATE AND TIME OF LATEST TRANSACTION
control field 20151031161732.0
008 - FIXED-LENGTH DATA ELEMENTS--GENERAL INFORMATION
fixed length control field 151031b xxu||||| |||| 00| 0 eng d
040 ## - CATALOGING SOURCE
Transcribing agency RUA
082 ## - DEWEY DECIMAL CLASSIFICATION NUMBER
Classification number AGR CHU 2006 B032 Or.1
100 ## - MAIN ENTRY--PERSONAL NAME
9 (RLIN) 3091
Personal name CHUCH, CHENDA.
245 ## - TITLE STATEMENT
Title Technique of growing african marigold in the pot at crop staytion of royal university of agriculture, បច្ចេកទេសដាំដុះផ្កាស្បៃរឿងក្នុងផើង នៅស្ថានីយ៍ពិសោធន៍ដំណាំ នៃសាកលវិទ្យាល័យភូមិន្ទកសិកម្ម
260 ## - PUBLICATION, DISTRIBUTION, ETC. (IMPRINT)
Place of publication, distribution, etc. Phnom Penh
Name of publisher, distributor, etc. RUA
Date of publication, distribution, etc. 2006
300 ## - PHYSICAL DESCRIPTION
Extent xiii; 33p.
Other physical details ill.
Dimensions 29cm.
942 ## - ADDED ENTRY ELEMENTS (KOHA)
Source of classification or shelving scheme
Koha item type AGR
Holdings
Price effective from Date last seen Permanent Location Not for loan Date acquired Source of classification or shelving scheme Koha item type Lost status Withdrawn status Total Renewals Date last checked out Total Checkouts Shelving location Damaged status Barcode Current Location Full call number
2015-10-312021-02-05Library Block B 2015-10-31 AGR   2021-01-186B032 RUA007891Library Block BAGR CHU 2006 B032 Or.1
2015-10-312019-10-14Library Block B 2015-10-31 AGR   2019-10-076B032 RUA008711Library Block BAGR CHU 2006 B032 Or.2
2015-10-312024-12-17Library Block B 2015-10-31 AGR   2024-12-168B032 RUA008403Library Block BAGR CHU 2006 B032 Or.3
2015-10-312018-08-03Library Block B 2015-10-31 AGR  12018-07-256B032 RUA030560Library Block BAGR CHU 2006 B032 Or.4
មជ្ឈមណ្ឌលឯការនៃសាកលវិទ្យាល័យភូមិន្ទកសិកម្មចំការដូង

Powered by Koha